Logo BPK

Biblioteka

Politechniki Koszalińskiej

Atlas miast Górnego Śląska z Częstochową i Bielskiem : (Rekord nr 35235)

Szczegóły MARC
000 -ETYKIETA REKORDU
podpole kontrolne o stałej długości 01586nem a2200445 i 4500
001 - NUMER KONTROLNY REKORDU
pole kontrolne 35235
003 - IDENTYFIKATOR NUMERU KONTROLNEGO REKORDU
podpole kontrolne KOSZ 005
005 - DATA OSTATNIEJ MODYFIKACJI REKORDU
podpole kontrolne 20201013094853.0
007 - DANE KONTROLNE - FORMA FIZYCZNA DOKUMENTU
podpole kontrolne o stałej długości ad canzn
008 - POLE O STAŁEJ DŁUGOŚCI - DANE KONTROLNE
podpole kontrolne o stałej długości 040907s2003 pl e | 1 pol
015 ## - NUMER BIBLIOGRAFII NARODOWEJ
Numer bibliografii narodowej BDK 2003/763
020 ## - MIĘDZYNARODOWY ZNORMALIZOWANY NUMER KSIĄŻKI - ISBN
ISBN 8373452192
034 1# - DANE MATEMATYCZNE ZAKODOWANE
Rodzaj skali a
Liniowa skala pozioma 20000
035 ## - NUMER SYSTEMOWY
Numer systemowy przejętego rekordu 991024391679705066
035 ## - NUMER SYSTEMOWY
Numer systemowy przejętego rekordu (PL-WaBN)b16654924-48omnis_nlop
035 ## - NUMER SYSTEMOWY
Numer systemowy przejętego rekordu b16654924
035 ## - NUMER SYSTEMOWY
Numer systemowy przejętego rekordu (OCoLC)838911796
035 ## - NUMER SYSTEMOWY
Numer systemowy przejętego rekordu (PL)b0000001665492
035 ## - NUMER SYSTEMOWY
Numer systemowy przejętego rekordu (EXLNZ-48OMNIS_NETWORK)9910254263805606
040 ## - ŹRÓDŁO KATALOGOWANIA
Instytucja, która sporządziła opis WA N
Instytucja, która utworzyła rekord WA N
Instytucja, która dokonała modyfikacji KOSZ 005/HR
080 ## - UNIWERSALNA KLASYFIKACJA DZIESIĘTNA - UKD
UKD 912(438)
245 00 - TYTUŁ/ODPOWIEDZIALNOŚĆ
Tytuł Atlas miast Górnego Śląska z Częstochową i Bielskiem :
Ciąg dalszy tytułu skala 1:20 000 /
Pozostałe elementy strefy tytułu i oznaczenia odpowiedzialności oprac. wydawca Mapy Ścienne Beata Piętka Wydawnictwo Kartograficzne.
255 ## - STREFA DANYCH MATEMATYCZNYCH
Oznaczenie skali Skala 1:20 000.
260 ## - STREFA ADRESU WYDAWNICZEGO
Miejsce wydania Katowice :
Nazwa wydawcy/dystrybutora Mapy Ścienne, Beata Piętka,
Data publikacji, dystrybucji/powstania dokumentu [2003].
300 ## - STREFA OPISU FIZYCZNEGO
Objętość 1 atlas (1 s., 212 s. mapy, s. indeks 213-240) :
Inne cechy fizyczne kolor. ;
Rozmiary 28 cm, skoroszyt.
380 ## - FORMA I TYP PUBLIKACJI
Forma i typ publikacji Mapy
388 ## - CZAS POWSTANIA
Czas powstania 2001-
500 ## - UWAGI OGÓLNE
Tekst uwagi 59 planów miast, 51 gmin, 208 miejscowości, wykaz miast i spis ulic.
546 ## - UWAGA O JĘZYKU
Uwaga o języku Atlas w jęz. pol., legenda także w jęz. ang., niem.
648 #7 - HASŁO PRZEDMIOTOWE - TERMIN CHRONOLOGICZNY
Termin chronologiczny 2001-
Źródło hasła lub terminu DBN
650 #7 - HASŁO PRZEDMIOTOWE W FORMIE NAZWY OGÓLNEJ LUB JEDNOSTKOWEJ
Nazwa ogólna lub geograficzna Miasta
651 #7 - HASŁO PRZEDMIOTOWE W FORMIE NAZWY GEOGRAFICZNEJ
Nazwa geograficzna Województwo śląskie (od 1999)
Źródło hasła lub terminu DBN
655 #7 - TERMIN INDEKSOWY - OKREŚLENIE RODZAJU/FORMY DOKUMENTU
Określenie rodzaju/formy dokumentu Plan miasta
Źródło terminu DBN
658 ## - TERMIN INDEKSOWY - PRZEDMIOT PROGRAMU NAUCZANIA
Główny przedmiot programu nauczania Geografia i nauki o Ziemi
651 #7 - HASŁO PRZEDMIOTOWE W FORMIE NAZWY GEOGRAFICZNEJ
Nazwa geograficzna Częstochowa (woj. śląskie ; okręg)
Źródło hasła lub terminu DBN
651 #7 - HASŁO PRZEDMIOTOWE W FORMIE NAZWY GEOGRAFICZNEJ
Nazwa geograficzna Bielsko-Biała (woj. śląskie ; okręg)
Źródło hasła lub terminu DBN
710 2# - HASŁO DODATKOWE - NAZWA CIAŁA ZBIOROWEGO
Nazwa ciała zbiorowego lub jednostki geograficznej Wydawnictwo Piętka
Określenie związku między hasłem a opisywanym materiałem Wydawca
942 ## - DODATKOWE ELEMENTY (KOHA)
Schemat klasyfikacji Uniwersalna Klasyfikacja Dziesiętna
Typ dokumentu Kartograficzne
Egzemplarze
Wycofany Status Uszkodzony Dostępność Lokalizacja stała Lokalizacja bieżąca Miejsce przechowywania Cena Sygnatura Kod kreskowy Dział Typ dokumentu
      Tylko na miejscu Biblioteka Politechniki Koszalińskiej Biblioteka Politechniki Koszalińskiej Czytelnia BG 33.75 MP 1246 02243016 91 Geografia Kartograficzne
      Dostępny Biblioteka Politechniki Koszalińskiej Biblioteka Politechniki Koszalińskiej Wypożyczalnia BG 25.43 MP 1269 02275192   Kartograficzne
© 2023 Biblioteka Politechniki Koszalińskiej :: KOHA